000
00290nam a2200109Ia 4500
005
20251222153549.0
008
251222s9999||||xx |||||||||||||| ||spa||
082
_a
985.071/M26C
100
_a
"Mariátegui, Juan"
245
0
_a
El conflicto Perú- Ecuador según fuentes peruanas
942
_c
LIB
999
_c
30765
_d
30765